Slovensko nemá Bratislavu v obľube
Primátor hlavného mesta SR Bratislavy Peter Kresánek o finančnom hospodárení Magistrátu mesta Bratislavy. Zadlženosť, nevýhodnosť daňového systému pre obce. Doprava - najväčšia položka vo výdavkovej časti rozpočtu mesta. Možnosti reštrikcií v MHD.
Na minha lista:
| Autor principal: | |
|---|---|
| Outros Autores: | |
| Formato: | Capítulo de Livro |
| Idioma: | eslovaco |
| Assuntos: | |
| Tags: |
Sem tags, seja o primeiro a adicionar uma tag!
|
MARC
| LEADER | 00000naa a2200000 4500 | ||
|---|---|---|---|
| 001 | r024609 | ||
| 005 | 20221213113606.1 | ||
| 041 | 0 | |a slo | |
| 044 | |a SK | ||
| 245 | 1 | 0 | |a Slovensko nemá Bratislavu v obľube |c P. Kresánek, J. Výborný |
| 520 | |a Primátor hlavného mesta SR Bratislavy Peter Kresánek o finančnom hospodárení Magistrátu mesta Bratislavy. Zadlženosť, nevýhodnosť daňového systému pre obce. Doprava - najväčšia položka vo výdavkovej časti rozpočtu mesta. Možnosti reštrikcií v MHD. | ||
| 610 | 2 | 0 | |a Slovensko |
| 610 | 2 | 0 | |a Bratislava |
| 610 | 2 | 0 | |a 1994 |
| 610 | 2 | 0 | |a orgány zastupiteľské |
| 610 | 2 | 0 | |a mestá |
| 610 | 2 | 0 | |a doprava hromadná mestská |
| 610 | 2 | 0 | |a zadlženosť |
| 610 | 2 | 0 | |a príjmy |
| 610 | 2 | 0 | |a dane |
| 610 | 2 | 0 | |a Dopravný podnik, a.s. Bratislava |
| 610 | 2 | 0 | |a hospodárenie finančné |
| 100 | 1 | |a Kresánek, P. | |
| 700 | 1 | |a Výborný, J. | |